01048cam a2200277 a 450000100100000000500170001000800410002702000150006804000300008308200180011324501300013126000810026130000210034249000080036350400550037165000400042665000690046665000420053565000340057770000330061170000310064470000270067570000290070270000300073183000090076100001346620200929163234.0990709s1998 mx b 000 0 spa d a9706542221 aDO-SdBNPbspacDLCdBNPHU a338.972bM68900aModelos de industrialización en México /cEnrique de la Garza Toledo ; coordinador Arnulfo Arteaga García ... [et al.]. aMéxico :bUniversidad Autónoma Metropolitana,bUnidad Iztapalapa,c1998. a338 p. ;c21 cm.1 aCSH aIncluye referencias bibliográficas (p. 297-301). 4aIndustrias manofactureraszMéxico 4aIndustrias manofacturerasxInnovaciones tecnológicaszMéxico 4aAdministración industrialzMéxico 4aIndustrializaciónzMéxico1 aGarza Toledo, Enrique de la.1 aArteaga García, Arnulfo.1 aHerrera Lima, Fernando1 aMelgoza Valdivia, Javier1 aTorres Franco José Luis 0aCSH.